[Event "New England Masters"]
[Site "Pawtucket"]
[Date "2008.08.12"]
[Round "2.10"]
[White "Rosenberg, Evan"]
[Black "Friedel, Joshua"]
[Result "0-1"]
[WhiteElo "2182"]
[BlackElo "2524"]
[PlyCount "58"]
[EventDate "2008.08.??"]
[SourceDate "2008.08.11"]

1. d4 Nf6 2. c4 c5 3. d5 b5 4. cxb5 a6 5. bxa6 g6 6. Nc3 Bxa6 7. e4 Bxf1 8.
Kxf1 d6 9. Nge2 Bg7 10. h3 O-O 11. Kg1 Na6 12. Kh2 Qb6 13. Rb1 Nc7 14. Qc2 Nd7
15. Bg5 e6 16. Rhd1 exd5 17. exd5 Rfe8 18. Ng3 Nb5 19. Nxb5 Qxb5 20. b3 Qb4 21.
Rd2 h6 22. Be3 Rxe3 23. fxe3 Be5 24. e4 Nf6 25. Re2 h5 26. h4 Ng4+ 27. Kh3 Rxa2
28. Qc4 Qxc4 29. bxc4 Ra3 0-1

[Event "New England Masters"]
[Site "Pawtucket"]
[Date "2008.08.12"]
[Round "2.11"]
[White "Arkell, Keith"]
[Black "Liu, Elliott"]
[Result "1-0"]
[WhiteElo "2506"]
[BlackElo "2250"]
[PlyCount "147"]
[EventDate "2008.08.??"]
[SourceDate "2008.08.11"]

1. d4 Nf6 2. Nf3 g6 3. c4 Bg7 4. g3 O-O 5. Bg2 c6 6. Nc3 d5 7. cxd5 cxd5 8. Ne5
e6 9. Be3 Nfd7 10. f4 Nc6 11. Qd2 Nb6 12. b3 a5 13. O-O a4 14. Bf2 Ne7 15. Rab1
axb3 16. Rxb3 f6 17. Nd3 Nf5 18. Rfb1 Nc4 19. Qc1 Nfd6 20. Rb4 Ra5 21. Nc5 b5
22. a4 bxa4 23. Nxd5 Kh8 24. Nc3 a3 25. N3a4 Nb2 26. Nxb2 axb2 27. Qxb2 e5 28.
Nb3 Rb5 29. Rxb5 Nxb5 30. e3 exd4 31. Nxd4 Nxd4 32. exd4 f5 33. Qd2 Qd7 34. d5
Rd8 35. Bd4 Bb7 36. Ra1 Ra8 37. Rxa8+ Bxa8 38. Bxg7+ Kxg7 39. Qe3 Bb7 40. Qe5+
Kg8 41. h4 Qf7 42. Kh2 h5 43. Qb8+ Kh7 44. Qd6 Ba8 45. Qe5 Bb7 46. Qd4 Ba8 47.
Qd2 Qd7 48. Bf3 Bb7 49. Kg2 Qb5 50. Kh2 Qd7 51. Qa5 Qf7 52. Kg1 Kg7 53. Kf2 Kh7
54. Qc5 Ba8 55. Qd4 Bb7 56. d6 Bxf3 57. d7 Qa2+ 58. Kxf3 Qb3+ 59. Ke2 Qa2+ 60.
Qd2 Qe6+ 61. Kf1 Qa6+ 62. Kg2 Qa8+ 63. Kh2 Qd8 64. Qd6 Kg7 65. Kg1 Kf7 66. Kf2
Kg7 67. Ke3 Kf7 68. Kd3 Kg7 69. Kc4 Kf7 70. Kb5 Kg7 71. Kc6 Qa8+ 72. Kb6 Qd8+
73. Qc7 Qf6+ 74. Kb7 1-0

[Event "New England Masters"]
[Site "Pawtucket"]
[Date "2008.08.12"]
[Round "2.12"]
[White "Vovsha, Eli"]
[Black "Esserman, Marc"]
[Result "1/2-1/2"]
[WhiteElo "2461"]
[BlackElo "2295"]
[PlyCount "137"]
[EventDate "2008.08.??"]
[SourceDate "2008.08.11"]

1. e4 c5 2. Nf3 d6 3. d4 cxd4 4. Nxd4 Nf6 5. Nc3 a6 6. Be3 Ng4 7. Bc1 Nf6 8. f3
e6 9. Qe2 b5 10. a3 Nbd7 11. g4 Nb6 12. g5 Nfd7 13. a4 bxa4 14. Nxa4 Bb7 15.
Nb3 Qc7 16. Nxb6 Nxb6 17. Na5 Bc8 18. Bf4 e5 19. Bd2 Be6 20. Ra3 d5 21. Rc3 Qa7
22. Nc6 Qb7 23. Na5 Qa7 24. exd5 Nxd5 25. Rb3 Bd6 26. Rb7 Qc5 27. c4 Nf4 28.
Qe3 O-O 29. Qxc5 Bxc5 30. b4 Bd4 31. Nc6 Bc8 32. Ne7+ Kh8 33. Nxc8 Raxc8 34.
Kd1 Ne6 35. Bd3 a5 36. Kc2 axb4 37. Bxb4 Bc5 38. Bc3 Nxg5 39. Bxe5 Nxf3 40. Bc3
Nd4+ 41. Bxd4 Bxd4 42. Rf1 Kg8 43. Be4 Be5 44. Bd5 Rc7 45. Rxc7 Bxc7 46. h3 g6
47. c5 Kg7 48. Kd3 f6 49. Re1 Be5 50. c6 Rc8 51. Kc4 Rc7 52. Kc5 Re7 53. Re4
Kh6 54. Rh4+ Kg5 55. Rg4+ Kh5 56. Bf3 Kh6 57. Rh4+ Kg7 58. Re4 f5 59. Rxe5
Rxe5+ 60. Kd6 Re8 61. c7 Kf6 62. Bc6 Rf8 63. Bd7 f4 64. h4 f3 65. c8=Q Rxc8 66.
Bxc8 f2 67. Bh3 h5 68. Kd5 g5 69. Ke4 1/2-1/2

[Event "New England Masters"]
[Site "Pawtucket"]
[Date "2008.08.12"]
[Round "2.13"]
[White "Thavandiran, Shiyam"]
[Black "Bercys, Salvijus"]
[Result "1-0"]
[WhiteElo "2288"]
[BlackElo "2429"]
[PlyCount "49"]
[EventDate "2008.08.??"]
[SourceDate "2008.08.11"]

1. e4 c5 2. Nc3 Nc6 3. Bb5 Nd4 4. Bc4 e6 5. Nge2 Nf6 6. O-O Nc6 7. d4 cxd4 8.
Nxd4 d6 9. Bb3 Be7 10. Qd3 O-O 11. Bg5 a6 12. Rad1 Bd7 13. Kh1 h6 14. Bh4 Ne5
15. Qe2 Ng6 16. Bg3 Qc7 17. f4 e5 18. fxe5 Nxe5 19. h3 Rac8 20. Bh4 Qd8 21. Nf5
Bxf5 22. Rxf5 Nfd7 23. Bg3 g6 24. Rxe5 dxe5 25. Qg4 1-0

[Event "New England Masters"]
[Site "Pawtucket"]
[Date "2008.08.12"]
[Round "2.14"]
[White "Wasiolek, Rory"]
[Black "Shmelov, Denys"]
[Result "0-1"]
[WhiteElo "2112"]
[BlackElo "2349"]
[PlyCount "97"]
[EventDate "2008.08.??"]
[SourceDate "2008.08.11"]

1. d4 Nf6 2. c4 e6 3. Nf3 c5 4. e3 a6 5. Nc3 d5 6. b3 Nc6 7. Bd3 cxd4 8. Nxd4
Nxd4 9. exd4 dxc4 10. Bxc4 Bb4 11. Bb2 Qa5 12. Qc2 b5 13. Be2 Bb7 14. a3 Bd6
15. O-O Rc8 16. Qd3 O-O 17. Bf3 Bxf3 18. Qxf3 Rfd8 19. Rac1 b4 20. axb4 Qxb4
21. Na4 Nd5 22. Ra1 Rb8 23. Nc5 Bxc5 24. dxc5 Qxb3 25. Be5 Qxf3 26. gxf3 Rb5
27. Bd6 a5 28. Ra3 Nb4 29. Rb1 f6 30. Bc7 Ra8 31. c6 Rg5+ 32. Kf1 Nxc6 33. Rb6
Rc5 34. Bd6 Rc2 35. Rb7 Rd8 36. Bf4 h6 37. Rab3 Nd4 38. Ra3 Nc6 39. Rab3 Nd4
40. Ra3 e5 41. Be3 Nf5 42. Bb6 Rdd2 43. Rxa5 Nd4 44. Bxd4 exd4 45. Raa7 Rxf2+
46. Kg1 Rg2+ 47. Kf1 d3 48. Rd7 Rcf2+ 49. Ke1 0-1

[Event "New England Masters"]
[Site "Pawtucket"]
[Date "2008.08.12"]
[Round "2.15"]
[White "Hungaski, Robert"]
[Black "Masse, Hugues"]
[Result "1-0"]
[WhiteElo "2407"]
[BlackElo "2196"]
[PlyCount "75"]
[EventDate "2008.08.??"]
[SourceDate "2008.08.11"]

1. Nf3 Nf6 2. c4 g6 3. Nc3 d5 4. Qa4+ Bd7 5. Qb3 dxc4 6. Qxc4 Bg7 7. e4 Bc6 8.
d3 O-O 9. Be2 Nbd7 10. b4 a6 11. O-O e5 12. a4 Nb6 13. Qb3 Bd7 14. Be3 Be6 15.
Qc2 Nbd7 16. Ng5 Qe7 17. Nxe6 Qxe6 18. b5 a5 19. Rfc1 Rfc8 20. Qa2 Qxa2 21.
Rxa2 c5 22. Nb1 b6 23. Nd2 Rd8 24. Nc4 Rab8 25. Bd2 Ne8 26. Bc3 f6 27. Bd1 Bh6
28. Rb1 Kf7 29. Bb3 Ke7 30. Bxa5 bxa5 31. Nxa5 Rb6 32. Bd5 Nb8 33. Nc4 Re6 34.
a5 Rd7 35. a6 Ra7 36. Bxe6 Kxe6 37. Rba1 Nd6 38. b6 1-0

[Event "New England Masters"]
[Site "Pawtucket"]
[Date "2008.08.12"]
[Round "2.16"]
[White "Galofre, Charles"]
[Black "Reverby, Miro"]
[Result "1-0"]
[WhiteElo "2320"]
[BlackElo "2190"]
[PlyCount "163"]
[EventDate "2008.08.??"]
[SourceDate "2008.08.11"]

1. Nf3 Nf6 2. c4 g6 3. Nc3 Bg7 4. e4 d6 5. d4 O-O 6. Be2 Nbd7 7. O-O e5 8. dxe5
dxe5 9. Be3 Ng4 10. Bg5 f6 11. Bd2 c6 12. h3 Nh6 13. Qc2 Nc5 14. Rad1 Qe7 15.
b4 Ne6 16. c5 Nf7 17. Nb1 a5 18. a3 axb4 19. axb4 Nfg5 20. Nxg5 fxg5 21. Bc4
Kh8 22. Bxe6 Bxe6 23. Bc3 Ra2 24. Bb2 Qf7 25. Nd2 g4 26. hxg4 Bxg4 27. f3 Be6
28. Ra1 Qf4 29. Rfe1 h5 30. Rxa2 Bxa2 31. Nf1 Be6 32. Bc1 Qf6 33. Be3 h4 34.
Rd1 Rf7 35. Qc1 Qe7 36. Qd2 h3 37. Qd8+ Qxd8 38. Rxd8+ Kh7 39. Nd2 hxg2 40.
Kxg2 Bf6 41. Rd6 Re7 42. Nb1 Kg7 43. Nc3 Kf7 44. b5 Rc7 45. b6 Rc8 46. Rd2 Ra8
47. Nd1 Be7 48. Nf2 Ra5 49. Nd3 Kf6 50. Bf2 Bc4 51. Nb2 Ba6 52. Rc2 Ra2 53. Be3
Ke6 54. Kg3 Ra3 55. Bf2 Bg5 56. Nd1 Bf4+ 57. Kg2 Rd3 58. Nb2 Rd8 59. Bg3 Be3
60. Bf2 Bf4 61. Be1 g5 62. Bg3 Be3 63. Bf2 Bf4 64. Be1 Rg8 65. Nc4 g4 66. fxg4
Rxg4+ 67. Kf3 Rg1 68. Bf2 Rh1 69. Nd6 Rd1 70. Ra2 Kd7 71. Ra3 Rh1 72. Kg2 Rh2+
73. Kg1 Rh8 74. Kg2 Rh7 75. Bg3 Rg7 76. Kf2 Bxg3+ 77. Rxg3 Rxg3 78. Kxg3 Ke7
79. Kg4 Kf6 80. Kh5 Ke6 81. Kg6 Ke7 82. Kf5 1-0

[Event "New England Masters"]
[Site "Pawtucket"]
[Date "2008.08.12"]
[Round "2.17"]
[White "MacIntyre, Paul"]
[Black "Haessel, Dale"]
[Result "1/2-1/2"]
[WhiteElo "2290"]
[BlackElo "2149"]
[PlyCount "54"]
[EventDate "2008.08.??"]
[SourceDate "2008.08.11"]

1. e4 e5 2. Nf3 Nf6 3. d4 Nxe4 4. dxe5 d5 5. Be3 Bg4 6. h3 Bh5 7. Be2 Be7 8.
Nbd2 Nd7 9. Nxe4 dxe4 10. Nd4 Bxe2 11. Qxe2 Nxe5 12. Qb5+ Nd7 13. Qxb7 O-O 14.
Nc6 Qe8 15. Qxc7 Rc8 16. Nxe7+ Qxe7 17. Qxa7 Qb4+ 18. c3 Qxb2 19. O-O Ne5 20.
a4 Qxc3 21. a5 Nc4 22. a6 Ra8 23. Qd4 Qxd4 24. Bxd4 Nd2 25. Rfe1 Nb3 26. Ra4
Nxd4 27. Rxd4 Rxa6 1/2-1/2

[Event "New England Masters"]
[Site "Pawtucket"]
[Date "2008.08.12"]
[Round "2.18"]
[White "Hansen, Eric"]
[Black "Meredith, Matthew"]
[Result "1-0"]
[WhiteElo "2268"]
[BlackElo "2044"]
[PlyCount "45"]
[EventDate "2008.08.??"]
[SourceDate "2008.08.11"]

1. e4 c5 2. Nf3 g6 3. d4 cxd4 4. Nxd4 Bg7 5. Nc3 Nc6 6. Be3 Nf6 7. Bc4 O-O 8.
Bb3 a5 9. f3 d5 10. Bxd5 Nxd5 11. exd5 Nb4 12. Nde2 Bf5 13. Rc1 Rc8 14. a3
Bxc3+ 15. Nxc3 Rxc3 16. bxc3 Na2 17. Ra1 Nxc3 18. Qd4 Nb5 19. Qd2 Qd6 20. c4
Nxa3 21. c5 Nc2+ 22. Qxc2 Qxd5 23. Qd2 1-0

[Event "New England Masters"]
[Site "Pawtucket"]
[Date "2008.08.12"]
[Round "2.19"]
[White "Kazmaier, Daniel"]
[Black "Melekhina, Alisa"]
[Result "0-1"]
[WhiteElo "2134"]
[BlackElo "2265"]
[PlyCount "80"]
[EventDate "2008.08.??"]
[SourceDate "2008.08.11"]

1. d4 Nf6 2. Bg5 d5 3. Bxf6 exf6 4. e3 Bd6 5. c4 dxc4 6. Bxc4 g6 7. Nc3 O-O 8.
h4 h5 9. Qc2 Kg7 10. O-O-O Nd7 11. e4 Nb6 12. Be2 c6 13. Nf3 Bg4 14. Nh2 Be6
15. e5 Be7 16. g4 hxg4 17. Nxg4 f5 18. Ne3 Bxh4 19. Rdg1 Rh8 20. Nxf5+ Bxf5 21.
Qxf5 Bg5+ 22. Rxg5 Rxh1+ 23. Kc2 Kh6 24. Qe4 Rc1+ 25. Kxc1 Qxg5+ 26. Kd1 Qg1+
27. Kd2 Qxf2 28. Nd1 Qf5 29. Qh4+ Kg7 30. Ne3 Qe6 31. Bg4 f5 32. Bxf5 gxf5 33.
Qg5+ Kf7 34. Nxf5 Nc4+ 35. Kc3 Rf8 36. Nh6+ Ke8 37. Qh5+ Kd7 38. b3 Nb6 39. Qg5
Nd5+ 40. Kd3 Nf4+ 0-1

[Event "New England Masters"]
[Site "Pawtucket"]
[Date "2008.08.12"]
[Round "3.1"]
[White "Gareev, Timur"]
[Black "Panjwani, Raja"]
[Result "1-0"]
[WhiteElo "2570"]
[BlackElo "2310"]
[PlyCount "79"]
[EventDate "2008.08.??"]
[SourceDate "2008.08.11"]

1. Nf3 Nf6 2. c4 g6 3. Nc3 Bg7 4. e4 d6 5. d4 O-O 6. Be2 Na6 7. Bg5 h6 8. Be3
Ng4 9. Bd2 e5 10. d5 f5 11. exf5 gxf5 12. g3 e4 13. Nh4 Nc5 14. Ng2 Qe8 15. O-O
Qh5 16. h4 Qe8 17. b4 Nd7 18. Nb5 Qd8 19. Nf4 Re8 20. Bc3 Nde5 21. c5 Bd7 22.
Nd4 b6 23. Rc1 bxc5 24. bxc5 e3 25. f3 Nf2 26. Qc2 dxc5 27. Nxf5 Bxf5 28. Qxf5
Qd6 29. Ne6 Rf8 30. Nxf8 Rxf8 31. Qe6+ Kh8 32. f4 Ned3 33. Bxg7+ Kxg7 34. Qxe3
Nh3+ 35. Kh2 Nxc1 36. Qxc1 Qd7 37. Qxc5 Re8 38. Bb5 Qg4 39. Qc3+ Kg8 40. Qf3
1-0

[Event "New England Masters"]
[Site "Pawtucket"]
[Date "2008.08.12"]
[Round "3.2"]
[White "Sammour-Hasbun, Jorge"]
[Black "Stopa, Jacek"]
[Result "1-0"]
[WhiteElo "2463"]
[BlackElo "2440"]
[PlyCount "69"]
[EventDate "2008.08.??"]
[SourceDate "2008.08.11"]

1. d4 Nf6 2. c4 g6 3. Nc3 Bg7 4. e4 d6 5. f3 O-O 6. Be3 Nc6 7. Nge2 a6 8. Qd2
Rb8 9. h4 h5 10. O-O-O b5 11. Nd5 bxc4 12. Nxf6+ Bxf6 13. g4 e5 14. gxh5 Nb4
15. Nc3 exd4 16. Bxd4 Be6 17. hxg6 fxg6 18. Qh6 Bxd4 19. Qxg6+ Bg7 20. Qxe6+
Kh7 21. Bxc4 Rxf3 22. e5 Qf8 23. Rhg1 Kh8 24. Qg6 Qf4+ 25. Kb1 Qf5+ 26. Qxf5
Rxf5 27. exd6 cxd6 28. Rxd6 Rf4 29. b3 Rxh4 30. Ne4 Rh2 31. Rd2 Rxd2 32. Nxd2
Be5 33. Nf3 Bc3 34. Ng5 Re8 35. a3 1-0

[Event "New England Masters"]
[Site "Pawtucket"]
[Date "2008.08.12"]
[Round "3.3"]
[White "Sarkar, Justin"]
[Black "Kritz, Leonid"]
[Result "1/2-1/2"]
[WhiteElo "2416"]
[BlackElo "2610"]
[PlyCount "21"]
[EventDate "2008.08.??"]
[SourceDate "2008.08.11"]

1. d4 d5 2. c4 c6 3. Nf3 Nf6 4. Nc3 a6 5. c5 Bf5 6. Bf4 Nbd7 7. e3 Nh5 8. Be5
Nhf6 9. Bf4 Nh5 10. Be5 Nhf6 11. Bxf6 1/2-1/2

[Event "New England Masters"]
[Site "Pawtucket"]
[Date "2008.08.12"]
[Round "3.4"]
[White "Shmelov, Denys"]
[Black "Erenburg, Sergey"]
[Result "0-1"]
[WhiteElo "2349"]
[BlackElo "2563"]
[PlyCount "70"]
[EventDate "2008.08.??"]
[SourceDate "2008.08.11"]

1. d4 d5 2. c4 c6 3. Nc3 Nf6 4. Nf3 e6 5. Bg5 h6 6. Bxf6 Qxf6 7. e3 Nd7 8. Bd3
dxc4 9. Bxc4 g6 10. O-O Bg7 11. Rc1 O-O 12. e4 Rd8 13. Qe2 Qe7 14. e5 b6 15.
Rfe1 a6 16. Qe4 Bb7 17. Qg4 b5 18. Bd3 c5 19. d5 exd5 20. e6 Nf8 21. exf7+ Qxf7
22. Ne5 Bxe5 23. Rxe5 c4 24. Bf1 d4 25. Ne4 d3 26. Qh4 Bxe4 27. Rxe4 Qf5 28.
Re7 Qg5 29. Qxg5 hxg5 30. f3 Re8 31. Rce1 Rxe7 32. Rxe7 Rd8 33. Re1 Nd7 34. Kf2
Nc5 35. Rc1 Na4 0-1

[Event "New England Masters"]
[Site "Pawtucket"]
[Date "2008.08.12"]
[Round "3.5"]
[White "Friedel, Joshua"]
[Black "Kaminski, Victor"]
[Result "0-1"]
[WhiteElo "2524"]
[BlackElo "2212"]
[PlyCount "110"]
[EventDate "2008.08.??"]
[SourceDate "2008.08.11"]

1. e4 c5 2. Nf3 Nc6 3. d4 cxd4 4. Nxd4 g6 5. Nc3 Bg7 6. Be3 Nf6 7. Bc4 O-O 8.
Bb3 Ng4 9. Qxg4 Nxd4 10. Qh4 Bf6 11. Bg5 Bxg5 12. Qxg5 d6 13. O-O-O Nxb3+ 14.
cxb3 f6 15. Qd5+ Kg7 16. f4 Qc7 17. Rhe1 Bd7 18. Qd4 Bc6 19. g3 a6 20. Kb1 Rad8
21. Nd5 Qd7 22. Qd3 Rfe8 23. Ne3 Qc7 24. Nd5 Qd7 25. Ne3 Qc7 26. h4 Qa5 27. f5
Qb5 28. Qxb5 Bxb5 29. Nd5 Rc8 30. g4 Kf7 31. Rd2 e6 32. fxe6+ Rxe6 33. Nf4 Re5
34. Rxd6 Rce8 35. Nd5 Rxe4 36. Rxe4 Rxe4 37. Rxf6+ Kg7 38. Rf4 Rxf4 39. Nxf4
Kf6 40. Kc2 Ke5 41. Nh3 h6 42. Kd2 Ke4 43. h5 gxh5 44. gxh5 Be8 45. Nf2+ Kf3
46. Nd3 Bxh5 47. Ke1 Ke3 48. Nc5 Bf3 49. b4 Bg2 50. Ne6 Bd5 51. Ng7 Kd3 52. a4
Kc2 53. Nf5 Kxb2 54. b5 a5 55. Nxh6 Be6 0-1

[Event "New England Masters"]
[Site "Pawtucket"]
[Date "2008.08.12"]
[Round "3.6"]
[White "Jiang, Louie"]
[Black "Arkell, Keith"]
[Result "0-1"]
[WhiteElo "2135"]
[BlackElo "2506"]
[PlyCount "108"]
[EventDate "2008.08.??"]
[SourceDate "2008.08.11"]

1. e4 c6 2. d4 d5 3. Nc3 dxe4 4. Nxe4 Nd7 5. Nf3 Ngf6 6. Nxf6+ Nxf6 7. Bc4 Bf5
8. Qe2 e6 9. c3 Be7 10. Ne5 O-O 11. O-O Nd7 12. Bf4 Nxe5 13. Bxe5 Bf6 14. Rfe1
h6 15. Rad1 Re8 16. Qf3 Qe7 17. g4 Bg6 18. Bxf6 Qxf6 19. Qxf6 gxf6 20. h3 Kg7
21. Kg2 Rad8 22. Re3 f5 23. Re5 Kf6 24. f4 b6 25. Rde1 Rh8 26. Be2 c5 27. dxc5
Rd2 28. cxb6 axb6 29. b3 Rxa2 30. Kf3 Rc2 31. c4 fxg4+ 32. hxg4 h5 33. g5+ Kg7
34. Bd1 Rc1 35. Kf2 Rd8 36. Bf3 Rc2+ 37. R1e2 Rc3 38. R5e3 Rc1 39. Re1 Rc2+ 40.
R1e2 Rc1 41. Re1 Rd2+ 42. R3e2 Rxe2+ 43. Bxe2 Rc2 44. Kg1 Rb2 45. Bd1 h4 46.
Rf1 h3 47. Bf3 Rxb3 48. Kh2 Bf5 49. Rf2 Rc3 50. Be2 Rc2 51. Kg3 Be4 52. Bf3 Rc3
53. Kg4 Bxf3+ 54. Rxf3 Rxf3 0-1

[Event "New England Masters"]
[Site "Pawtucket"]
[Date "2008.08.12"]
[Round "3.7"]
[White "Vigorito, David"]
[Black "Thavandiran, Shiyam"]
[Result "1/2-1/2"]
[WhiteElo "2382"]
[BlackElo "2288"]
[PlyCount "37"]
[EventDate "2008.08.??"]
[SourceDate "2008.08.11"]

1. d4 e6 2. c4 Nf6 3. Nc3 Bb4 4. Qc2 b6 5. Bg5 Bb7 6. e3 O-O 7. Nf3 h6 8. Bh4
d6 9. Be2 Nbd7 10. O-O Bxc3 11. bxc3 Qe7 12. Nd2 e5 13. Rae1 Rfe8 14. Qd1 Nf8
15. Bd3 Ng6 16. Bxg6 fxg6 17. e4 g5 18. Bg3 Qf7 19. f3 1/2-1/2

[Event "New England Masters"]
[Site "Pawtucket"]
[Date "2008.08.12"]
[Round "3.8"]
[White "Battaglini, Gabriel"]
[Black "Kleiman, Jake"]
[Result "1-0"]
[WhiteElo "2341"]
[BlackElo "2353"]
[PlyCount "97"]
[EventDate "2008.08.??"]
[SourceDate "2008.08.11"]

1. d4 d5 2. c4 Nc6 3. Nf3 Bg4 4. cxd5 Bxf3 5. gxf3 Qxd5 6. e3 e5 7. Nc3 Bb4 8.
Bd2 Bxc3 9. bxc3 Qd6 10. Qb3 b6 11. d5 Nb8 12. Bb5+ Nd7 13. c4 Kf8 14. Bc6 Rd8
15. Bxd7 Qxd7 16. Qa3+ Ne7 17. Qxa7 Kg8 18. Bc3 Ng6 19. Rg1 h5 20. Rxg6 fxg6
21. Bxe5 Qe7 22. Bxc7 Qb4+ 23. Kf1 Qxc4+ 24. Kg1 Rxd5 25. Be5 Rxe5 26. Qb8+ Kh7
27. Qxe5 Rd8 28. Qb2 Rd5 29. Rc1 Rg5+ 30. Kh1 Qd3 31. Qc2 Qd7 32. Rg1 Rxg1+ 33.
Kxg1 h4 34. Kg2 Kh6 35. h3 g5 36. Qe4 b5 37. Qe5 Qc6 38. e4 Qc4 39. Qd6+ Kh7
40. e5 Qf4 41. Qd3+ Kh6 42. e6 Qf6 43. Qe4 Qe7 44. Qf5 Qd6 45. Qxb5 Qxe6 46. a4
Qe1 47. Qc6+ g6 48. Qa8 Kg7 49. a5 1-0

[Event "New England Masters"]
[Site "Pawtucket"]
[Date "2008.08.12"]
[Round "3.9"]
[White "Puntier, William"]
[Black "Vovsha, Eli"]
[Result "0-1"]
[WhiteElo "2298"]
[BlackElo "2461"]
[PlyCount "111"]
[EventDate "2008.08.??"]
[SourceDate "2008.08.11"]

1. e4 c5 2. Nf3 d6 3. d4 cxd4 4. Nxd4 Nf6 5. Nc3 a6 6. f3 e6 7. Be3 b5 8. Qd2
b4 9. Na4 Nbd7 10. c4 Qc7 11. b3 Rb8 12. Rd1 Be7 13. Be2 O-O 14. O-O Ne5 15.
Kh1 Bd7 16. Rc1 Bxa4 17. bxa4 Nfd7 18. f4 Nc6 19. Nb3 Nc5 20. Qc2 Nxa4 21. c5
Nc3 22. cxd6 Qxd6 23. e5 Qc7 24. Bd3 g6 25. Nc5 Bxc5 26. Bxc5 Rfd8 27. Bd6 Rxd6
28. exd6 Qxd6 29. Bxa6 Nd4 30. Qd3 Nxa2 31. Rcd1 Rd8 32. Qc4 Nc3 33. Rd3 Qb6
34. Bb7 Rd6 35. Bf3 h5 36. Ra1 Nxf3 37. Rxf3 Rd4 38. Qc8+ Kg7 39. Rff1 Rd8 40.
Qc4 Rd4 41. Qc8 Ne4 42. Qa6 Qxa6 43. Rxa6 Nd2 44. Rd1 Rxf4 45. Rb6 Rd4 46. Ra1
b3 47. Kg1 Rc4 48. Ra7 Ne4 49. Kf1 Rc2 50. Rab7 Nc5 51. Rb8 Nd7 52. Rxb3 Nxb8
53. Rxb8 h4 54. Rb5 Kf6 55. Rb4 g5 56. Rxh4 0-1

[Event "New England Masters"]
[Site "Pawtucket"]
[Date "2008.08.12"]
[Round "3.10"]
[White "Ippolito, Dean"]
[Black "Yanayt, Eugene"]
[Result "1-0"]
[WhiteElo "2445"]
[BlackElo "2254"]
[PlyCount "47"]
[EventDate "2008.08.??"]
[SourceDate "2008.08.11"]

1. d4 Nf6 2. c4 g6 3. Nf3 Bg7 4. g3 O-O 5. Bg2 d6 6. O-O Nc6 7. Nc3 e5 8. dxe5
dxe5 9. Bg5 Be6 10. Qa4 h6 11. Rfd1 Qe7 12. Nd5 Bxd5 13. cxd5 Nd4 14. Bd2 c5
15. Nxd4 exd4 16. e4 a6 17. Qc2 Rac8 18. Re1 Rfd8 19. d6 Qd7 20. e5 Ng4 21. Bh3
Ne3 22. Bxd7 Nxc2 23. Bxc8 Rxc8 24. Ba5 1-0

[Event "New England Masters"]
[Site "Pawtucket"]
[Date "2008.08.12"]
[Round "3.12"]
[White "Melekhina, Alisa"]
[Black "Schuyler, James"]
[Result "0-1"]
[WhiteElo "2265"]
[BlackElo "2346"]
[PlyCount "70"]
[EventDate "2008.08.??"]
[SourceDate "2008.08.11"]

1. e4 g6 2. Nc3 c6 3. d4 Bg7 4. Be3 Qb6 5. Rb1 d6 6. Qd2 Nf6 7. h3 O-O 8. Nge2
Re8 9. g4 Qc7 10. f4 e5 11. dxe5 dxe5 12. f5 Rd8 13. Qc1 b5 14. Ng3 b4 15. Na4
Rd4 16. Bd3 c5 17. b3 Bb7 18. Bxd4 exd4 19. Kf2 Nfd7 20. Nb2 Be5 21. Ne2 Nf6
22. Nc4 Nxe4+ 23. Bxe4 Bxe4 24. Nxe5 Qxe5 25. Rf1 d3 26. cxd3 Bxd3 27. Rb2 Nc6
28. Rd2 Qh2+ 29. Ke1 Re8 30. Rf2 Qg1+ 31. Rf1 Qg3+ 32. Kd1 Bxe2+ 33. Rxe2 Qd3+
34. Qd2 Qb1+ 35. Qc1 Qxc1+ 0-1

[Event "New England Masters"]
[Site "Pawtucket"]
[Date "2008.08.12"]
[Round "3.13"]
[White "Zhao, Parker"]
[Black "Galofre, Charles"]
[Result "1/2-1/2"]
[WhiteElo "2242"]
[BlackElo "2320"]
[PlyCount "101"]
[EventDate "2008.08.??"]
[SourceDate "2008.08.11"]

1. e4 e5 2. Nf3 Nc6 3. Bb5 a6 4. Bxc6 dxc6 5. O-O Bg4 6. h3 h5 7. d3 Qf6 8.
Nbd2 Ne7 9. Re1 Ng6 10. d4 Nf4 11. dxe5 Qg6 12. Nh4 Bxd1 13. Nxg6 Nxg6 14. Rxd1
O-O-O 15. Rf1 Bc5 16. Nf3 Rde8 17. Re1 Nxe5 18. Nxe5 Rxe5 19. Be3 Bb4 20. c3
Bf8 21. f3 c5 22. c4 Bd6 23. Rad1 Rhe8 24. Kf1 g6 25. Bf2 b6 26. Rd3 R5e6 27.
Rd5 Be5 28. Rd2 Rd6 29. Rxd6 cxd6 30. b3 g5 31. Ke2 h4 32. Kd3 Kd7 33. Be3 f6
34. Rf1 Rg8 35. Bd2 Ke6 36. Bc3 b5 37. Rd1 Rd8 38. Kc2 bxc4 39. bxc4 Rb8 40. a3
a5 41. Bxe5 Kxe5 42. Rd5+ Ke6 43. Rd3 a4 44. Kc1 Rf8 45. Rd5 f5 46. e5 dxe5 47.
Rxc5 Rg8 48. Rc6+ Kd7 49. Rc5 Kd6 50. Ra5 g4 51. c5+ 1/2-1/2

[Event "New England Masters"]
[Site "Pawtucket"]
[Date "2008.08.12"]
[Round "3.15"]
[White "Bournival, Braden"]
[Black "Hansen, Eric"]
[Result "1-0"]
[WhiteElo "2303"]
[BlackElo "2268"]
[PlyCount "77"]
[EventDate "2008.08.??"]
[SourceDate "2008.08.11"]

1. e4 e6 2. d4 d5 3. Nd2 Nf6 4. e5 Nfd7 5. c3 c5 6. Bd3 Nc6 7. Ne2 cxd4 8. cxd4
f6 9. exf6 Nxf6 10. O-O Bd6 11. Nf3 Qc7 12. g3 O-O 13. Bf4 Nh5 14. Bxd6 Qxd6
15. Nc3 g6 16. Qe2 Bd7 17. Rad1 a6 18. Rfe1 b5 19. Qe3 Rac8 20. Kg2 Ng7 21. Ne2
Nf5 22. Bxf5 Rxf5 23. Nf4 Rcf8 24. h4 h6 25. Ne5 Nxe5 26. dxe5 Qb4 27. a3 Qa4
28. Rd4 Qa5 29. Nxg6 Rxf2+ 30. Kh3 R8f7 31. Qxh6 Rh7 32. Ne7+ Kh8 33. Qg5 Rxe7
34. Qxe7 Qxe1 35. Qd8+ Kh7 36. Qxd7+ Kg8 37. Rg4+ Kf8 38. Qd8+ Kf7 39. Qg8+ 1-0

[Event "New England Masters"]
[Site "Pawtucket"]
[Date "2008.08.12"]
[Round "3.16"]
[White "Bercys, Salvijus"]
[Black "Wasiolek, Rory"]
[Result "1-0"]
[WhiteElo "2429"]
[BlackElo "2112"]
[PlyCount "61"]
[EventDate "2008.08.??"]
[SourceDate "2008.08.11"]

1. d4 d5 2. c4 c6 3. Nf3 Nf6 4. e3 e6 5. Nc3 Nbd7 6. Qc2 a6 7. a4 Bb4 8. Bd3
O-O 9. O-O Re8 10. e4 Bxc3 11. bxc3 dxe4 12. Bxe4 Nxe4 13. Qxe4 Qa5 14. Bd2 e5
15. Rfe1 Nf6 16. Qh4 e4 17. Ne5 Bf5 18. Qg5 Be6 19. Qg3 Rac8 20. h3 Kf8 21. Qh4
Qd8 22. Bg5 h6 23. Bxf6 Qxf6 24. Qxe4 Qg5 25. f4 Qh5 26. g4 Qxh3 27. Re3 Qh4
28. f5 Bxc4 29. Nd7+ Kg8 30. Qxe8+ Rxe8 31. Rxe8+ 1-0

[Event "New England Masters"]
[Site "Pawtucket"]
[Date "2008.08.12"]
[Round "3.17"]
[White "Liu, Elliott"]
[Black "MacIntyre, Paul"]
[Result "0-1"]
[WhiteElo "2250"]
[BlackElo "2290"]
[PlyCount "57"]
[EventDate "2008.08.??"]
[SourceDate "2008.08.11"]

1. e4 e5 2. Nf3 Nc6 3. Bb5 a6 4. Ba4 Nf6 5. O-O Nxe4 6. d4 b5 7. Bb3 d5 8. dxe5
Be6 9. Nbd2 Be7 10. c3 Qd7 11. Bc2 Bf5 12. Nb3 Bg6 13. Nfd4 Nxe5 14. f3 Nf6 15.
f4 Bxc2 16. Qxc2 Nc4 17. Nf5 O-O 18. Rd1 Rfe8 19. Nbd4 Bc5 20. b3 Nd6 21. Nxd6
Qxd6 22. a4 b4 23. cxb4 Bxd4+ 24. Rxd4 Re1+ 25. Kf2 Rae8 26. h3 Qe6 27. Kg3
Nh5+ 28. Kh2 Rh1+ 29. Kxh1 0-1

[Event "New England Masters"]
[Site "Pawtucket"]
[Date "2008.08.12"]
[Round "3.18"]
[White "Enkin, Max"]
[Black "Rosenberg, Evan"]
[Result "1/2-1/2"]
[WhiteElo "2262"]
[BlackElo "2182"]
[PlyCount "35"]
[EventDate "2008.08.??"]
[SourceDate "2008.08.11"]

1. e4 c6 2. d4 d5 3. exd5 cxd5 4. c4 Nf6 5. Nc3 Nc6 6. Bg5 e6 7. c5 Be7 8. Nf3
O-O 9. Bd3 b6 10. Bb5 Bb7 11. Bxc6 Bxc6 12. Ne5 Rc8 13. b4 bxc5 14. bxc5 Ne4
15. Nxc6 Rxc6 16. Bxe7 Qxe7 17. Nxe4 dxe4 18. O-O 1/2-1/2